000 00479nam a2200169 4500
005 20260106165456.0
008 260106b |||||||| |||| 00| 0 eng d
020 _a978-0-143-44005-5
041 _aEnglish
082 _aX 823 MUR
_bB12123
100 _aMurty, Sudha
_9216154
245 _aThree Thousand Stitches: Ordinary People Extraordinary Lives
260 _aHaryana
_bPenguin Random House
_c2017
300 _ax,179p
_bpb
365 _aRupaye
_b184.44
_cINR
942 _cBK
999 _c369704
_d369704